=LDR 00000nam 2200000 4500 =001 INLIS000000000020680 =005 20130612115621 =008 ***********************************Ind** =035 ##$$0010-061300000020680 =041 ##$$a Ind =082 ##$$a 658.4 =090 ##$$a 658.4, Irm b =100 ##$$a Irmim, Sujitno =245 ##$$a Bekal minimal seorang pemimpin, Soejitno Irmim =260 ##$$a 2004 $b Jakarta =300 ##$$a 159 hlm, 19 cm =650 ##$$a Pemimpin =850 ##$$a NBPNMAT